LIBRARY & INFORMATION CENTRE, KCAET, TAVANUR

ONLINE PUBLIC ACCESS CATALOGUE (OPAC)

Prasad ka jeevan-darshan: Kala aur krititva / (Record no. 8214)

MARC details
000 -LEADER
fixed length control field 00478cam a2200193ua 4500
041 ## - LANGUAGE CODE
Language code of text/sound track or separate title hin
082 ## - DEWEY DECIMAL CLASSIFICATION NUMBER
Classification number 891.54
Item number MAH/PR
100 ## - MAIN ENTRY--AUTHOR NAME
Personal name Mahavir, Adhikari .
245 ## - TITLE STATEMENT
Title Prasad ka jeevan-darshan: Kala aur krititva /
250 ## - EDITION STATEMENT
Edition statement 1 /
260 ## - PUBLICATION, DISTRIBUTION, ETC. (IMPRINT)
Place of publication :
Name of publisher Atmaram and Sons ,
Year of publication 1955.
300 ## - PHYSICAL DESCRIPTION
Number of Pages 398 ; .
942 ## - ADDED ENTRY ELEMENTS (KOHA)
Koha item type Books
Holdings
Withdrawn status Lost status Damaged status Home library Current library Date acquired Full call number Accession Number Koha item type Cost, normal purchase price
Withdrawn     KAUAET KAUAET 07/04/2012 891.54 2772 Books 8.00
Withdrawn     KAUAET Sanskrit University 07/04/2012 891.54 9633 Books  
free website counter